000 00485nam a2200181Ia 4500
005 20250508152532.0
008 008 250505s9999 xx 000 0 eng d
037 _aTextual
040 _aFEDL
_beng
_cFEDL
041 _aeng
_2eng
084 _a374.2, SLA
_qFEDL
100 _aSlavson S R
245 0 _aCreative group education
260 _aNew York, USA
_bAssociation Press
_c1948
300 _avii,247p.
942 _cTEXL
_h374.2, SLA
999 _c1337075
_d1337075